| 000 | 00664nas a2200229 4500 | ||
|---|---|---|---|
| 001 | BR9506874 | ||
| 003 | BR-BrBNA | ||
| 005 | 20231205094229.0 | ||
| 007 | ta | ||
| 008 | 230509b bl.|||p| |||| 00| 00por d | ||
| 040 |
_aBR-BrBNA _bpor _cBiblioteca Nacional de Agricultura |
||
| 041 | _a(Pt) | ||
| 072 | _aL10 | ||
| 100 | 1 | _aFaria, E.V. | |
| 245 | 1 | _aDeterminacao do coeficiente de consaguinidade pelo metodo de Krizenecky | |
| 650 | _aTouro | ||
| 650 | _aConsanguinidade | ||
| 650 | _aModelo Matematico | ||
| 773 | 0 |
_tAgronomia (Brazil) _x _g(Jan-Mar 1952), v. 11(1) p. 33-36 _wBR9506874 |
|
| 909 |
_a202311 _bLúcia _c55 _dLúcia Elande |
||
| 942 |
_2AGRIS _n0 _cANA |
||
| 999 |
_c142955 _d142955 |
||